000 00268nam a2200097Ia 4500
001 1160446
005 20250827011607.0
008 250824s9999 xx 000 0 und d
245 0 _aUSTA BİR ŞİFACININ KADİM SIRLARI
_cDR. CLINT G. ROGERS
260 _bDESTEK YAYINLARI
999 _c1160446
_d1160446